Ceremonias / (Record no. 7468)

MARC details
000 -CABECERA
campo de control de longitud fija 00522nam a2200193 a 4500
005 - FECHA Y HORA DE LA ÚLTIMA TRANSACCIÓN
campo de control 20220622063430.0
008 - ELEMENTOS DE LONGITUD FIJA--INFORMACIÓN GENERAL
campo de control de longitud fija 991125 bar 000 0 spa u
020 ## - NÚMERO INTERNACIONAL NORMALIZADO PARA LIBROS
Número Internacional Estándar del Libro 8432213152
035 ## - NÚMERO DE CONTROL DEL SISTEMA
Número de control de sistema UPN01000007468
049 ## - COLECCIÓN
Colección CG
050 #4 - SIGNATURA TOPOGRÁFICA DE LA BIBLIOTECA DEL CONGRESO
Número de clasificación PQ7798.10 07
Número de documento/Ítem C4
100 1# - ASIENTO PRINCIPAL--NOMBRE PERSONAL
Nombre de persona Cortázar, Julio,
Fechas asociadas al nombre 1914-1984
245 10 - MENCIÓN DE TÍTULO
Título Ceremonias /
Mención de responsabilidad, etc. Julio Cortazar
260 ## - PUBLICACIÓN, DISTRIBUCIÓN, ETC.
Lugar de publicación, distribución, etc. Barcelona (Esp.) :
Nombre del editor, distribuidor, etc. Seix Barral
300 ## - DESCRIPCIÓN FÍSICA
Extensión 295 p.
440 #0 - MENCIÓN DE SERIE/ASIENTO SECUNDARIO--TÍTULO
Título Nueva narrativa hispánica Seix Barral
650 #0 - ASIENTO SECUNDARIO DE MATERIA - TERMINO TEMATICO
Término de materia o nombre geográfico como elemento de entrada Novela argentina
9 (RLIN) 5078
905 ## - TIPO DE MATERIAL
Tipo de material Libro
Holdings
Estado de retiro Estado de pérdida Fuente del sistema de clasificación o colocación Estado dañado No para préstamo Código de colección Localización permanente Ubicación/localización actual Ubicación en estantería Enumeración/cronología de publicación seriada Total de préstamos Clasificación Código de barras Fecha visto por última vez Número de copia Tipo de ítem Koha
    Library of Congress Classification   En proceso Colección General Bib. Gregorio Torres Quintero Bib. Gregorio Torres Quintero Planta baja correg. clas.   PQ7798.10 07 C4 15566 31/12/2020 1 Libro